000 00579nam a22002177a 4500
003 UA-OsUOA
001 90157
007 ta
008 20121114b un ||||| |||| 00| 0 ukr d
100 _aКотовський А.
090 _a821.161.2
_bК73
942 _cBK
040 _aUA-OsUOA
_cUA-OsUOA
_dUA-OsUOA
245 _aСельва стогне
_bновели
300 _a83 с.
955 _a3
080 _a821.161.2
260 _aЛьвів
_bКаменяр
_c1978
650 7 _a82 Література. Літературознавство
_2UDC
999 _c376430
_d376430